The Evolution of Queer Identity in English Literature bakalárska práca

Uložené v:
Podrobná bibliografia
Hlavný autor: Dúbravská, Diana
Korporativný autor: Fakulta aplikovaných jazykov EU v Bratislave. Katedra jazykovedy a translatológie
Ďalší autori: Adamcová, Silvia, 1984-
Médium: Kniha
Jazyk:English
Vydavateľské údaje: Bratislava 2024
Tagy: Pridať tag
Žiadne tagy, Buďte prvý, kto otaguje tento záznam!

MARC

LEADER 00000nbm a2200000 4500
001 0300560
005 20250303122049.9
041 0 |a eng 
044 |a SK 
245 1 0 |a The Evolution of Queer Identity in English Literature  |b bakalárska práca  |c Diana Dúbravská ; školiteľ: Silvia Adamcová 
264 1 |a Bratislava  |c 2024 
300 |a 47 s. 
100 1 |a Dúbravská, Diana 
700 1 |a Adamcová, Silvia, 1984- 
710 2 |a Fakulta aplikovaných jazykov EU v Bratislave. Katedra jazykovedy a translatológie